| 000 | 01094nam a2200253 a 4500 | ||
|---|---|---|---|
| 005 | 20150929121320.0 | ||
| 008 | 150929b2008 ck ||||gr|||| 00| 0 spa d | ||
| 020 | _a9789588343211 | ||
| 040 |
_aCO-BoIAVH _cCO-BoIAVH |
||
| 041 | 0 | _aspa | |
| 044 | _ack | ||
| 082 | 0 | 4 |
_a598.91 _bM35g |
| 090 |
_aIAVH _b01283 |
||
| 100 | 1 | _aMárquez Reyes, César | |
| 245 | 1 |
_aGuía de las aves rapaces diurnas de CORPOCHIVOR _bMunicipios de San Luis de Gaceno y Santa María / _cCésar Márquez Reyes y Victor Hugo Vanegas. |
|
| 260 |
_aBogotá (Colombia) : _bInstituto de Investigación de Recursos Biológicos Alexander von Humboldt: _bCorpochivor, _c2008. |
||
| 300 |
_a67 páginas : _bilustraciones y fotografías a color ; _c22 cm. |
||
| 504 | _aIncluye referencias bibliográficas (páginas 66-67). | ||
| 650 | 4 |
_aAves rapaces diurnas _zBoyaca (Departamento, Colombia) |
|
| 650 | 6 |
_aAves rapaces _vGuía _zBoyaca (Departamento, Colombia) |
|
| 650 | 6 |
_aAves rapaces _xTaxonomía _zBoyaca (Departamento, Colombia) |
|
| 700 | 1 | _aVanegas, Víctor Hugo | |
| 942 |
_cLIBRO _2ddc |
||
| 999 |
_c6806 _d6806 |
||